La democracia en Chile. Teatro político, 1810-1910

محفوظ في:
التفاصيل البيبلوغرافية
المؤلف الرئيسي: Amunátegui Solar, Domingo (مؤلف)
التنسيق: كتاب
اللغة:الإسبانية
منشور في: Santiago, Chile Universidad de Chile 1946
الموضوعات:
الوسوم: إضافة وسم
لا توجد وسوم, كن أول من يضع وسما على هذه التسجيلة!

MARC

LEADER 00000cam a2200000 a 4500
001 UCS2620
003 CL-VaPUC
005 20210625001736.0
008 970604e19460000CL |||||||||||||||||spa|d
999 |c 260563  |d 260561 
040 |c Pontificia Universidad Católica de Valparaíso 
082 0 4 |a 983.04 AMU 1946  |2 21 
100 0 |a Amunátegui Solar, Domingo  |e author  |9 388252 
245 1 3 |a La democracia en Chile. Teatro político, 1810-1910 
260 |a Santiago, Chile  |b Universidad de Chile  |c 1946 
300 |a 464 páginas 
583 |a last modification  |c 20150603 09:38:12  |k Rodrigo Vera 
650 0 |a Historia política  |z CHILE  |9 256974 
650 0 |a Democracia  |z CHILE  |9 255256 
650 7 |a SISTEMAS POLITICOS  |2 CL-VaPUC  |9 388253  |z CHILE 
650 7 |a REVOLUCIONES POLITICAS  |2 CL-VaPUC  |9 388254  |z CHILE 
852 |a BIBCUR 
942 |c BK  |2 ddc 
945 |d 19970604 00:00:00  |a paguirre 
952 |0 0  |1 0  |2 ddc  |4 0  |6 983_040000000000000_AMU_1946  |7 0  |8 P  |9 286777  |a BIBDER  |b BIBDER  |d 2019-11-19  |i 1861964  |o 983.04 AMU 1946  |p 1861964  |r 2023-01-25  |t 1  |w 2019-11-19  |y BK  |k DER 
952 |0 0  |1 0  |2 ddc  |4 0  |6 983_040000000000000_AMU_1946  |7 0  |8 X  |9 286778  |a BIBHIS  |b BIBHIS  |d 2019-11-19  |i 1253883  |o 983.04 AMU 1946  |p 1253883  |r 2024-01-30  |t 2  |w 2019-11-19  |y BK  |k HIS 
952 |0 0  |1 0  |2 ddc  |4 0  |6 983_040000000000000_AMU_1946  |7 0  |8 X  |9 286779  |a BIBHIS  |b BIBHIS  |d 2019-11-19  |i 1253891  |o 983.04 AMU 1946  |p 1253891  |r 2024-01-30  |t 3  |w 2019-11-19  |y BK  |k HIS 
952 |0 0  |1 0  |2 ddc  |3 erb  |4 0  |6 983_040000000000000_AMU_1946  |7 0  |8 X  |9 286780  |a BIBHIS  |b BIBHIS  |i 5162580  |o 983.04 AMU 1946  |p 5162580  |r 2024-01-30  |t 4  |w 2019-11-19  |y BK  |z Catalogado en:20150605  |k HIS